Youngest to Serve in the U.S. Senate - Statistics

General Stats
  • This quiz has been taken 7 times
  • The average score is 4 of 15
Answer Stats
Age Start Date Party Person % Correct
30 years, 252 days November 22, 1797 D-R Andrew Jackson
67%
30 years, 44 days January 3, 1973 Democrat Joe Biden
67%
29 years, 261 days December 29, 1806 D-R Henry Clay
50%
30 years, 258 days November 7, 1962 Democrat Ted Kennedy
50%
28 years, 171 days January 22, 1816 D-R Armistead Mason
17%
30 years, 304 days December 7, 1925 Republican Bob La Follette
17%
30 years, 270 days March 4, 1825 Jacksonian Elias Kane
17%
29 years, 175 days March 4, 1817 D-R John Crittenden
17%
28 years, 151 days November 16, 1818 D-R John Eaton
17%
30 years, 165 days March 4, 1791 Pro-Admin John Rutherfurd
17%
30 years, 2 days June 21, 1935 Democrat Rush Holt
17%
30 years, 58 days December 31, 1948 Democrat Russell Long
17%
30 years, 93 days March 4, 1801 Federalist Samuel White
17%
30 years, 93 days October 17, 1803 D-R Thomas Worthington
17%
30 years, 28 days February 4, 1799 Federalist William Wells
17%
No matching quizzes found
Score Distribution
Percent of People with Each Score
Percentile by Number Answered
Your Score History
You have not taken this quiz